The Application of Simulation Methods in Manufacturing System Control

Gespeichert in:
Bibliographische Detailangaben
1. Verfasser: Važan, Pavel, 1962- (Verfasst von)
Weitere Verfasser: Mudrončík, Dušan, 1947- (Rezension), Mičieta, Branislav (Rezension), Madarász, Ladislav (Rezension)
Format: Buch
Sprache:Englisch
Veröffentlicht: Köthen : Hochschule Anhalt, 2013
Ausgabe:2nd rev. ed.
Schriftenreihe:Scientific monographs
Schlagworte:
Online-Zugang:PODKL
Tags: Tag hinzufügen
Keine Tags, Fügen Sie das erste Tag hinzu!

MARC

LEADER 00000nam a22000003a 4500
001 stu275265
005 20220317191312.5
008 131001s2013----gw------------------eng-d
020 |a 978-3-86011-061-4 
040 |a STU  |b slo 
041 0 |a eng 
044 |a gw 
080 |a 004  |7 stu_us_auth*stu9200 
100 1 |a Važan, Pavel,  |d 1962-  |4 aut  |u M6000  |9 100  |U MTF Materiálovotechnologická fakulta  |T MTF Ústav aplikovanej informatiky, automatizácie a matematiky  |X 323  |U M6000  |Y 86  |7 A000000323 
245 1 |a The Application of Simulation Methods in Manufacturing System Control 
250 |a 2nd rev. ed. 
260 |a Köthen :  |b Hochschule Anhalt,  |c 2013 
300 |a 144 s 
650 7 |a control  |2 estusub 
650 7 |a modelling  |2 estusub 
650 7 |a Production systems  |2 estusub 
650 7 |a simulation  |2 estusub 
700 1 |a Mudrončík, Dušan,  |d 1947-  |4 rev  |u M6000  |U MTF Materiálovotechnologická fakulta  |T MTF Ústav aplikovanej informatiky, automatizácie a matematiky  |X 505  |U M6000  |Y 86  |7 A000000505 
700 1 |a Mičieta, Branislav  |4 rev 
700 1 |a Madarász, Ladislav  |4 rev 
830 0 |a Scientific monographs 
856 4 |a podklad  |u https://is.stuba.sk/vv/pub_priloha.pl?id=273983  |3 PODKL 
996 |b 284M085812  |c M*13567-1  |l MMKN  |s A  |a 24  |w stu275265_0002